Biggest Cities of the Spanish Netherlands in 1550 with a Map - Statistics

General Stats
  • This quiz has been taken 349 times
  • The average score is 24 of 50
Answers on the Map
Answers color-coded by a green-red scale on the quiz's map according to % correct below.
 
Answer Stats
Population City % Correct
27,000 Aemsterdam (Amsterdam)
99%
38,000 Antwerpen (Antwerp)
95%
41,000 Brussel (Brussels)
95%
7,000 Rotterdam
95%
6,000 's Graeven Haghe (The Hague)
90%
27,000 Utrecht
89%
31,000 Brugge (Bruges)
87%
37,000 Gendt (Ghent)
87%
13,000 Groeninghen (Groningen)
84%
29,000 Lille
82%
16,000 Haerlem (Haarlem)
72%
14,000 Maestricht (Maastricht)
71%
8,000 Duijnkercke (Dunkirk)
63%
13,000 Leyden (Leiden)
63%
8,000 Namur
61%
10,000 Nieumegen (Nijmegen)
57%
6,000 Breda
56%
12,000 Loeven (Leuven)
55%
15,000 Delft
52%
7,000 Swoll (Zwolle)
52%
18,000 's Hartoghen Bosch (Den Bosch)
51%
7,000 Leeuwaerden (Leeuwarden)
50%
10,000 Dordrecht
48%
7,000 Middelburg
46%
8,000 Alckmaer (Alkmaar)
45%
9,000 Goude (Gouda)
43%
17,000 Mechelen
43%
15,000 Mons
42%
6,000 Amersfoort
39%
26,000 Tornay (Tournai)
39%
8,000 Hoorn
37%
15,000 Arras
36%
11,000 Cambray (Cambrai)
36%
8,000 Cortrijck (Courtrai)
35%
8,000 Deventer
34%
7,000 Ipre (Ypres)
32%
15,000 Valenciennes
29%
6,000 Zutphen
27%
11,000 Douay (Douai)
26%
6,000 Aelst (Aalst)
25%
6,000 Campen (Kampen)
25%
8,000 Enckhuysen (Enkhuizen)
25%
6,000 Ruermond (Roermond)
25%
6,000 Gorickum (Gorinchem)
18%
6,000 Weert
17%
9,000 Sint Omaers (Saint-Omer)
16%
8,000 Lokeren
13%
7,000 Oedenaerde (Oudenaarde)
13%
6,000 Tienen
10%
7,000 Hondschote (Hondschoote)
3%
No matching quizzes found
Score Distribution
Percent of People with Each Score
Percentile by Number Answered
Your Score History
You have not taken this quiz